Soy chita, y no me escondo / (Registro nro. 14775)

Detalles MARC
000 -LEADER
fixed length control field 01067nam a2200313 i 4500
003 - CONTROL NUMBER IDENTIFIER
control field DO-SdBNP
005 - DATE AND TIME OF LATEST TRANSACTION
control field 20240809105836.0
006 - FIXED-LENGTH DATA ELEMENTS--ADDITIONAL MATERIAL CHARACTERISTICS
fixed length control field a||||br|||| 00| 0
007 - PHYSICAL DESCRIPTION FIXED FIELD--GENERAL INFORMATION
fixed length control field ta
008 - FIXED-LENGTH DATA ELEMENTS--GENERAL INFORMATION
fixed length control field 240726e2024 dr a|||| 00| j spa d
020 ## - INTERNATIONAL STANDARD BOOK NUMBER
International Standard Book Number 9789945808933
040 ## - CATALOGING SOURCE
Original cataloging agency DO-SdBNP
Language of cataloging spa
Transcribing agency BPMSU
Description conventions rda
082 #4 - DEWEY DECIMAL CLASSIFICATION NUMBER
Classification number RD863.5
Item number F953s 2024
Edition number 22
100 1# - MAIN ENTRY--PERSONAL NAME
Personal name Fuei Liao, Yuan,
Relator term autor
245 10 - TITLE STATEMENT
Title Soy chita, y no me escondo /
Statement of responsibility, etc. Yuan Fuei Liao ; ilustrador, Stephany Peña Mesa.
264 #1 - PRODUCTION, PUBLICATION, DISTRIBUTION, MANUFACTURE, AND COPYRIGHT NOTICE
Place of production, publication, distribution, manufacture Santo Domingo :
Name of producer, publisher, distributor, manufacturer Biblioteca Infantil y Juvenil República Dominicana,
Date of production, publication, distribution, manufacture, or copyright notice 2024
300 ## - PHYSICAL DESCRIPTION
Extent 34 páginas :
Other physical details Ilustraciones ;
Dimensions 21 cm.
336 ## - CONTENT TYPE
Source rdacontent
Content type term texto
Content type code txt
337 ## - MEDIA TYPE
Source rdamedia
Media type term sin mediación
Media type code n
338 ## - CARRIER TYPE
Source rdacarrier
Carrier type term volumen
Carrier type code nc
490 0# - SERIES STATEMENT
Series statement Narrativa +08 años
590 ## - LOCAL NOTE (RLIN)
Local note Inventariado, 2024/ VM
650 #4 - SUBJECT ADDED ENTRY--TOPICAL TERM
Topical term or geographic name as entry element Cuentos infantiles Dominicanos
650 #4 - SUBJECT ADDED ENTRY--TOPICAL TERM
Topical term or geographic name as entry element Literatura infantiles Dominicana
700 1# - ADDED ENTRY--PERSONAL NAME
Personal name Rojas, Sarah,
Relator term ilustraciones
710 2# - ADDED ENTRY--CORPORATE NAME
Corporate name or jurisdiction name as entry element Presidencia de la República Dominicana
910 ## - USER-OPTION DATA (OCLC)
User-option data VMateo V. Cotrol de caldiad. BPMSU
942 ## - ADDED ENTRY ELEMENTS (KOHA)
Source of classification or shelving scheme Dewey Decimal Classification
Koha item type Libros
Existencias
Withdrawn status Lost status Source of classification or shelving scheme Damaged status Not for loan Collection code Home library Current library Date acquired Total Checkouts Full call number Barcode Date last seen Price effective from Koha item type Copy number
    Dewey Decimal Classification     Colección Infantil Dominicana Biblioteca Pública Metropolitana Salomé Ureña Biblioteca Pública Metropolitana Salomé Ureña 08/09/2024   BPMSU CDI RD863.5 F953s 2024 BPMSU24080026 08/09/2024 08/09/2024 Libros  
    Dewey Decimal Classification     Colección Infantil Dominicana Biblioteca Pública Metropolitana Salomé Ureña Biblioteca Pública Metropolitana Salomé Ureña 08/09/2024   BPMSU CDI RD863.5 F953s 2024 BPMSU24080027 08/09/2024 08/09/2024 Libros e.2
    Dewey Decimal Classification     Colección Infantil Dominicana Biblioteca Pública Metropolitana Salomé Ureña Biblioteca Pública Metropolitana Salomé Ureña 08/09/2024   BPMSU CDI RD863.5 F953s 2024 BPMSU24080028 08/09/2024 08/09/2024 Libros e.3